000 01549nam a2200277Ia 4500
999 _c52563
_d52563
001 19587
003 GE_BSU
005 20250314160221.0
008 181216s2016||||ge |||||||||||||| ||geo||
020 _a9789941244919
040 _cGE_BSU
041 _ageo
080 _a27-36 თ-56
245 _aႧვენი. [ტ.] 8, 11 მარტი-20 მარტი (ახალი სტილით 24 მარტი - 2 აპრილი) /
_cპროექტის ავტორი და რედაქტორი თამარ მამაცაშვილი ; შემდგენელი კახაბერ კენკიშვილი ; დიზაინერი რატი თორდია.
264 _aთბილისი ;
_bპალიტრა L,
_c2016.
300 _a343 გვ. ;
_c21 სმ.
490 _aჟურნალ "კარიბჭის" ბიბლიოთეკა
520 _aჟურნალ "კარიბჭის ბიბლიოთეკა
541 _h6ლ.
653 _aთვენი. 11 მარტი-20 მარტი 8
653 _aწმინდანთა ცხოვრება
700 _aმამაცაშვილი, თამარ
_eპროექტის ავტორი, რედაქტორი
_924564
700 _aკენკიშვილი, კახაბერ
_eშემდგენელი
_924565
700 _aთორდია, რატი
_eდიზაინერი
_924566
942 _cBK
_2udc